| 000 | 00248nam a22001217a 4500 | ||
|---|---|---|---|
| 999 |
_c23110 _d23110 |
||
| 003 | NUST | ||
| 005 | 20171011131028.0 | ||
| 008 | 171011b xxu||||| |||| 00| 0 eng d | ||
| 020 |
_a8129704412 _cAvailable |
||
| 040 |
_aDLC _bDLC _cRCMS |
||
| 082 | _a621.382 | ||
| 100 |
_aPejman Roshan _95346 |
||
| 245 |
_a802.11 Wireless LAN Fundamentals _bA Practical guide to understanding ,designing and operating 802.11 WLANs _cPejman Roshan |
||
| 260 |
_bPEARSON _cC,2004 _aIndia |
||
| 300 |
_axviii,281,p: _bPb: _c22,cm. |
||
| 538 | _iShelf No 2 Row No 1 | ||
| 600 |
_xNetworking _95347 |
||
| 856 | _3Table of Content Only | ||
| 942 |
_cBK _2ddc |
||